| 000 | 00980nam a2200229Ia 4500 | ||
|---|---|---|---|
| 003 | OSt | ||
| 005 | 20200916203039.0 | ||
| 008 | 191128s1980 sp ac gr 000 0 spa d | ||
| 040 |
_aCO-JMCR _cCO-JMCR |
||
| 041 | 0 | _aspa | |
| 082 | 0 | 4 |
_a780.9031 / _bS941c _223 |
| 100 | 1 |
_aSubirá, José, _eautor _910317 |
|
| 245 | 1 | 0 |
_aCompendio de historia de la música / _cJosé Subirá |
| 260 |
_aMadrid : _bCompañía Bibliográfica Española, _c[1980?] |
||
| 300 |
_a323 Páginas : _bilustraciones y retratos a blanco y negro ; _c18 cm. |
||
| 490 | 0 |
_aFuentes ; _v9 |
|
| 500 | _aincluye partituras. | ||
| 505 | 0 | _a¿Qué es música? -- La música en la China primitiva -- La música en el Pueblo Hebreo -- La música en los primeros siglos del Cristianismos -- Polifonía : su concepto -- La Ars Antigua -- La música en el siglo XV -- La melodía profana en la Edad Media | |
| 650 | 1 | 4 |
_aHistoria de la música _910318 |
| 650 | 1 | 4 |
_aLa música en la Historia _910319 |
| 942 |
_2ddc _cBK |
||
| 999 |
_c3415 _d3415 |
||